00569nam a22001817a 450000500170000001000150001702000260003203500140005803700130007208200120008524501020009726000450019927000590024430000200030370000230032370000220034670000190036820190522162658.0 aENG-125265 a9788186772584c695.00 aEN-108797 bDBAD/PUB a363.706 aA review of environmental audit /ced. by Bikash Bhusan Sen, Islam Uddin Khan [and] Manish Baidya aNew DelhibNew Academic Publishersc2013 a4760-61, 23, Ansari Road, DaryaganjbNew Delhie110002 a146p.c23cm(Hb) aSen, Bikash Bhusan aKhan, ISlam Uddin aBaidya, Manish